C++ programming : (رقم التسجيلة. 77304)

تفاصيل مارك
000 -الفاتح
حقل البيانات ثابتة الطول 01013cam a2200313 i 4500
001 - رقم الضبط
رقم الضبط 17948563
003 - محدد رقم الضبط
رقم الضبط OSt
005 - وقت وتاريخ اخر تعامل مع التسجيلة
رقم الضبط 20190822135558.0
008 - عناصر البيانات ثابتة الطول - معلومات عامة
حقل البيانات ثابتة الطول 131120t20152015ctua 001 0 eng
010 ## - رقم ضبط مكتبة الكونجرس
رقم ضبط مكتبة الكونجرس 2013955952
020 ## - الرقم الدولى المعيارى للكتب
الرقم الدولى المعيارى للكتاب 9781285852744 (paperback)
020 ## - الرقم الدولى المعيارى للكتب
الرقم الدولى المعيارى للكتاب 1285852745 (paperback)
040 ## - مصدر الفهرسة
وكالة الفهرسة الأصلية DLC
لغة الفهرسة eng
قواعد الوصف rda
وكالة النسخ DLC
وكالة التعديل DLC
042 ## - رمز التحقق
رمز التحقق pcc
050 00 - رقم طلب مكتبة الكونجرس
رقم التصنيف QA76.73.C153
رقم المادة M268 2015
082 00 - رقم تصنيف ديوى العشرى
رقم التصنيف 005.133
رقم الطبعة 23
رقم المادة MDC
100 1# - المدخل الرئيسى - إسم شخصى
الإسم الشخصى Malik, D. S.
9 (RLIN) 75048
245 10 - بيان العنوان
العنوان C++ programming :
بقية العنوان from problem analysis to program design /
بيان المسئوليه,etc D.S. Malik.
246 3# - العنوان الموازى
عنوان صحيح/عنوان مختصر C plus plus programming
250 ## - بيان الطبعة
بيان الطبعة Seventh edition.
264 #1 - النشر, التوزيع, ETC. (IMPRINT)
مكان الناشر او الموزع Stamford, CT :
اسم الناشر او الموزع Cengage Learning,
تاريخ النشر أو التوزيع [2015]
264 #4 - النشر, التوزيع, ETC. (IMPRINT)
تاريخ النشر أو التوزيع ©2015
300 ## - الوصف المادى
التعداد xlvi, 1440 pages :
تفاصيل ماديه اخرى للوعاء color illustrations ;
أبعاد الوعاء 24 cm
500 ## - تبصرة عامة
تبصرة عامة Includes index.
650 #0 - المدخل الاضافى بالموضوع-مصطلح موضوعى
مصطلح موضوعي أو اسم جغرافي كعنصر مدخل C++ (Computer program language)
9 (RLIN) 75049
906 ## - عنصر بيانات محلى F, LDF (RLIN)
a 7
b cbc
c orignew
d 2
e epcn
f 20
g y-gencatlg
942 ## - عناصر المدخل الإضافي( كوها)
مصدر التصنيف او مخطط الترفيف Dewey Decimal Classification
Koha [default] item type كتاب
المقتنيات
حالة الفقد نموذج السعر الفعال حالة تلف ليس للاعارة رقم الطلب تاريخ الاكتساب الموقع الحالي الباركود الفرع الرئيسي Date last seen نوع المادة فى نظام كوها مصدر التصنيف او خطة الترفيف Total Checkouts
  2019-08-22     005.133 MDC 2019-08-22 المكتبة المركزية بالمجمعة (CL) 00158153 المكتبة المركزية بالمجمعة (CL) 2019-08-22 كتاب Dewey Decimal Classification  
  2019-08-22     005.133 MDC 2019-08-22 المكتبة المركزية بالمجمعة (CL) 00158154 المكتبة المركزية بالمجمعة (CL) 2019-08-22 كتاب Dewey Decimal Classification  
  2019-08-22     005.133 MDC 2019-08-22 المكتبة المركزية بالمجمعة (CL) 00158155 المكتبة المركزية بالمجمعة (CL) 2019-08-22 كتاب Dewey Decimal Classification